UM Logo

All children read : (Record no. 3927)

MARC details
000 -LEADER
fixed length control field 01015nam a22002777a 4500
003 - CONTROL NUMBER IDENTIFIER
control field OSt
005 - DATE AND TIME OF LATEST TRANSACTION
control field 20160819094716.0
008 - FIXED-LENGTH DATA ELEMENTS--GENERAL INFORMATION
fixed length control field 160819b xxu||||| |||| 00| 0 eng d
020 ## - INTERNATIONAL STANDARD BOOK NUMBER
International Standard Book Number 978-0-205-51731-2
040 ## - CATALOGING SOURCE
Transcribing agency LIC
082 ## - DEWEY DECIMAL CLASSIFICATION NUMBER
Edition number 2008
Classification number DC 372.41
Item number T24a
100 ## - MAIN ENTRY--PERSONAL NAME
9 (RLIN) 13119
Personal name Temple, Charles
245 ## - TITLE STATEMENT
Title All children read :
Remainder of title teaching for literacy in today's diverse classroom /
Statement of responsibility, etc. by Charles A. Temple...[and three others]
250 ## - EDITION STATEMENT
Edition statement Second Edition
260 ## - PUBLICATION, DISTRIBUTION, ETC. (IMPRINT)
Place of publication, distribution, etc. Boston:
Name of publisher, distributor, etc. Pearson Education Inc.,
Date of publication, distribution, etc. c2008.
300 ## - PHYSICAL DESCRIPTION
Extent xxxix, 549 pages:
Other physical details color illustrations;
Dimensions 27 cm.
365 ## - TRADE PRICE
Price amount 5,275.00
Currency code Php
500 ## - GENERAL NOTE
General note Includes appendix, references and index.
650 #0 - SUBJECT ADDED ENTRY--TOPICAL TERM
9 (RLIN) 13121
Topical term or geographic name as entry element Reading (Elementary) -- United States
650 #0 - SUBJECT ADDED ENTRY--TOPICAL TERM
9 (RLIN) 13122
Topical term or geographic name as entry element Language arts (Elementary) -- United States
650 #0 - SUBJECT ADDED ENTRY--TOPICAL TERM
9 (RLIN) 13123
Topical term or geographic name as entry element English language -- Study and teaching (Elementary) -- Foreign speakers
700 ## - ADDED ENTRY--PERSONAL NAME
9 (RLIN) 13124
Personal name Ogle, Donna
700 ## - ADDED ENTRY--PERSONAL NAME
9 (RLIN) 13125
Personal name Crawford, Alan
700 ## - ADDED ENTRY--PERSONAL NAME
9 (RLIN) 13126
Personal name Freppon, Penny
942 ## - ADDED ENTRY ELEMENTS (KOHA)
Source of classification or shelving scheme Dewey Decimal Classification
Koha item type Circulation
Holdings
Withdrawn status Lost status Source of classification or shelving scheme Damaged status Not for loan Collection code Home library Current library Date acquired Source of acquisition Total Checkouts Full call number Barcode Date last seen Cost, replacement price Price effective from Koha item type
    Dewey Decimal Classification     Circulation UM Digos College - LIC UM Digos College - LIC 09/18/2009 Purchased   DC 372.41 T24a 2008 18117 05/15/2025 5257.00 08/19/2016 Circulation